000 00717cam a22002294a 4500
001 14350947
003 OSt
005 20240619122035.0
008 060424s2007 mauab b 001 0 eng
010 _a 2006043583
020 _a0674023374
020 _a9780674023376
040 _aMUST
_cMUST
082 0 0 _a530.09 NEW 2007
100 1 _aNewton, Roger G.
_917518
245 1 0 _aFrom clockwork to crapshoot :
_ba history of physics /
_cRoger G. Newton.
260 _aCambridge, Mass. :
_bBelknap Press of Harvard University Press,
_c2007.
300 _aviii, 340 p. :
_bill., map ;
_c22 cm.
504 _aIncludes bibliographical references and index.
650 0 _aPhysics
_xHistory.
_97965
942 _2ddc
_cO_SHELF
999 _c8661
_d8661